Responses for Show #4197 - Tuesday, November 26, 2002

Contestants

[<< previous game]

Ian Buckwalter, an arts administrator from Washington, D.C.

Celeste Cooper, an architectural drafter from East Cleveland, Ohio

Faith Love, a systems analyst from Boyds, Maryland (whose 1-day cash winnings total $9,001)

[next game >>]

Jeopardy! Round responses

ENGAGEMENTS
THE BIG DAY
WITH THIS RING
I THEE WED
SOMETHING "OLD", SOMETHING "NEW"
(Alex: We hope you'll be celebrating some very happy...)
ANNIVERSARIES
    $200 11
New Orleans

Celeste
    $200 6
Omaha

Celeste
    $200 24
Wisk

Faith
    $200 14
Jennifer Aniston

Faith
    $200 1
"The Old Man and the Sea"

Faith
    $200 19
Hong Kong

Triple Stumper
    $400 12
Spanish-American War

Ian
    $400 7
Alaska

Ian
    $400 25
Lily Tomlin

Faith
    $400 15
(Celeste: Who is Timothy Dalton?)

Pierce Brosnan

FaithCeleste
    $400 2
Sir Isaac Newton

Ian
    $400 20
Ayatollah Khomeini

Faith
    $600 13
(Ian: Who is Alexander the Great?)

Napoleon

FaithIan
    $600 8
(Faith: What is a hailstone?)

snowflake

Faith
Triple Stumper
    $600 26
raccoon

Faith
    $600 16
Madonna

Faith
    $600 3
Lobster Newburgh

Celeste
    $1,000 21
(Faith: What is 2002?)

1992 (the 500th anniversary of Columbus' voyage there)

Faith
    $800 29
World War I

Triple Stumper
    $800 9
giant squid

Ian
    $800 27
the continents

Ian
    $800 17
Ashley Judd

Celeste
    $800 4
(Ian: What is the old boy's club?)
....
(Alex: [at commercial break] Ian, your response was judged acceptable.)

old boy network

CelesteIan
    $800 22
Queen Elizabeth II's Golden Jubilee

Celeste
    $1000 30
Bunker (Breed's) Hill

Triple Stumper
    $1000 10
Hydra

Triple Stumper
    $1000 28
Richard Wagner

Faith
    $1000 18
Jerry Seinfeld

Triple Stumper
    $1000 5
"The New Colossus"

Triple Stumper
    $1000 23
(Alex: Less than a minute to go now.)

Kristallnacht

Faith

Scores at the first commercial break (after clue 15):

Faith Celeste Ian
$800 $1,400 $2,200

Scores at the end of the Jeopardy! Round:

Faith Celeste Ian
$4,000 $3,000 $3,000

Double Jeopardy! Round responses

ARCHITECTURE
ACTRESS-DIRECTORS
BRIT LIT
GLASS CLASS
COUNTRIES' HIGHEST POINTS
SUFFIXES
    $400 1
[Celeste selected the first clue.]

Rococo

Faith
    $400 21
Kathy Bates

Celeste
    $400 6
David Copperfield

Triple Stumper
    $400 11
silver

Celeste
    $400 26
Ireland

Faith
    $400 16
-dom

Ian
    $800 2
buttresses

Faith
    $800 22
Jodie Foster

Celeste
    $800 7
J.R.R. Tolkien

Faith
    $800 12
shatter it

Faith
    $800 27
Mexico

Celeste
    $800 17
feminine

Ian
    $1200 3
(Celeste: What is the pyramid?)

triangle

FaithCeleste
    $1200 23
From the Earth to the Moon

Faith
    $1200 8
"Brideshead Revisited"

Faith
    $1200 13
Venice

Faith
    $1200 28
(Celeste: What is Armenia?)

Turkey

Celeste
Triple Stumper
    $1200 18
(Celeste: What is -labyrinthing?)

-athon (as in marathon)

Celeste
Triple Stumper
    $1600 4
Le Corbusier

Celeste
    $1600 24
(Alex: Less than a minute to go now.)

Diane Keaton

Triple Stumper
    $1600 9
Adam Bede

Celeste
    $1600 14
Dale Chihuly

Celeste
    $1600 29
(Faith: What is New Guinea?)

Indonesia

Faith
Triple Stumper
    $1600 19
-oid

Ian
    $2000 5
Mies van der Rohe

Triple Stumper
    $2000 25
(Celeste: What is "Sommersby?")

Autumn in New York

CelesteIan
    $2,000 10
(Celeste: What is "Pride and Prejudice?")

"Sense and Sensibility"

Celeste
    $2000 15
cane

Triple Stumper
    $2000 30
Tanzania

Celeste
    $2,000 20
-nik

Ian

Scores at the end of the Double Jeopardy! Round:

Faith Celeste Ian
$10,400 $4,600 $9,800

[wagering suggestions for these scores]

Final Jeopardy! Round responses

POLITICIANS
CelesteWho is [Dick Gephart] Rich
$4,600
IanWho is ?
$600
FaithWho is Colin Powell?
$0
Dennis Hastert (Speaker of the House)

Final scores:

Faith Celeste Ian
$10,400 $0 $9,200
2-day champion: $19,401 3rd place: $1,000 2nd place: $2,000

Game dynamics:

Coryat scores:

Faith Celeste Ian
$11,400 $6,600 $9,800
20 R,
3 W
(including 1 DD)
14 R,
6 W
(including 1 DD)
11 R
(including 1 DD),
1 W

Combined Coryat: $27,800

[game clues] [game scores] [suggest correction]

Game tape date: 2002-08-26
The J! Archive is created by fans, for fans. Scraping, republication, monetization, and malicious use prohibited; this site may use cookies and collect identifying information. See terms. The Jeopardy! game show and all elements thereof, including but not limited to copyright and trademark thereto, are the property of Jeopardy Productions, Inc. and are protected under law. This website is not affiliated with, sponsored by, or operated by Jeopardy Productions, Inc. Join the discussion at JBoard.tv.